Inroduction to political process/ (Record no. 160958)
[ view plain ]
| 000 -LEADER | |
|---|---|
| fixed length control field | 01048nam a22002537a 4500 |
| 005 - DATE AND TIME OF LATEST TRANSACTION | |
| control field | 20190305160636.0 |
| 008 - FIXED-LENGTH DATA ELEMENTS--GENERAL INFORMATION | |
| fixed length control field | 190218b ||||| |||| 00| 0 eng d |
| 010 ## - LCCN (DPL NO) | |
| LC control number | B-713158 |
| 020 ## - INTERNATIONAL STANDARD BOOK NUMBER | |
| International Standard Book Number | 9789383281572 |
| Terms of availability | 250.00 |
| 035 ## - SYSTEM CONTROL NUMBER | |
| System control number | B-713158 |
| 037 ## - SOURCE OF ACQUISITION | |
| Source of stock number/acquisition | Pansy Books |
| 040 ## - CATALOGING SOURCE | |
| Original cataloging agency | dpl |
| Language of cataloging | en |
| 050 ## - LIBRARY OF CONGRESS CALL NUMBER | |
| DPL Classification number | 324.0954 |
| 082 ## - DEWEY DECIMAL CLASSIFICATION NUMBER | |
| Classification number | 324.0954 |
| 100 ## - MAIN ENTRY--PERSONAL NAME | |
| Personal name | Dayal, Rajendra |
| 245 ## - TITLE STATEMENT | |
| Title | Inroduction to political process/ |
| Statement of responsibility, etc | by Rajendra Dayal |
| 250 ## - EDITION STATEMENT | |
| Edition statement | 3rd ed. |
| 260 ## - PUBLICATION, DISTRIBUTION, ETC. (IMPRINT) | |
| Place of publication, distribution, etc | Delhi |
| Name of publisher, distributor, etc | Book Age Publications |
| Date of publication, distribution, etc | 2017 |
| 270 ## - ADDRESS | |
| Address | H-87, Lalita Park, Laxami Nagar |
| City | Delhi |
| Postal code | 110092 |
| Telephone number | 22458302, 9811140390 |
| Electronic mail address | brijwasipub@yahoo.com |
| 300 ## - PHYSICAL DESCRIPTION | |
| Extent | 22, vp |
| Dimensions | 24cm(pbk) |
| 490 ## - SERIES STATEMENT | |
| Series statement | Book Age Series |
| 942 ## - ADDED ENTRY ELEMENTS (KOHA) | |
| Source of classification or shelving scheme | Dewey Decimal Classification |
| Item type | English Books |
| Classification part | 324.0954 |
| Call number suffix | DAY |
| Withdrawn status | Lost status | Source of classification or shelving scheme | Damaged status | Not for loan | Collection code | Home library | Current library | Date acquired | Source of acquisition | Cost, normal purchase price | Total Checkouts | Total Renewals | Full call number | Barcode | Checked out | Date last seen | Copy number | Cost, replacement price | Koha item type |
|---|---|---|---|---|---|---|---|---|---|---|---|---|---|---|---|---|---|---|---|
| Dewey Decimal Classification | Non-fiction | Patel Nagar | Patel Nagar | 18/02/2019 | Aksharesh Enterprises/0004/06.02.2019/DPL/PN/RP/2018-19/1324/29.01.2019/11.02.2019 | 250.00 | 11 | 14 | 324.0954 DAY | B-713158 | 12/06/2026 | 15/05/2026 | 1 | 250.00 | English Books |
